00654nam a2200157Ia 450000500170000000800410001702000180005808200110007610000170008724500560010426000350016030000300019550000510022552002050027665000150048120250117103825.0250117s9999 xx 000 0 und d a9780525436287 a330KWA aKwak, James. 0aEconomismbbad economics and the rise of inequality aNew YorkbPantheon Booksc2017 axvi, 237p. : ill. ; 22 cm aIncludes bibliographical references and index. aEconomism: an ideology that distorts the valid principles and tools of introductory college economics, propagated by self-styled experts, zealous lobbyists, clueless politicians, and ignorant pundits. aEconomics.